Fr. Conceicao Rodrigues College of Engineering

Eleven commandments of life Maximization be a leader for life (Record no. 26500)

MARC details
000 -LEADER
fixed length control field 00375nam a2200157Ia 4500
082 ## - DEWEY DECIMAL CLASSIFICATION NUMBER
Item number NAI
100 ## - MAIN ENTRY--PERSONAL NAME
Personal name Nair/Santosh
245 ## - TITLE STATEMENT
Title Eleven commandments of life Maximization be a leader for life
260 ## - PUBLICATION, DISTRIBUTION, ETC.
Name of publisher, distributor, etc. Jaico Publishing House
Date of publication, distribution, etc. 2013
366 ## - TRADE AVAILABILITY INFORMATION
Publishers's discount category 28
300 ## - PHYSICAL DESCRIPTION
Extent 215
546 ## - LANGUAGE NOTE
Language note ENGLISH
-- Computers
654 ## - SUBJECT ADDED ENTRY--FACETED TOPICAL TERMS
Focus term eleven commandments
942 ## - ADDED ENTRY ELEMENTS (KOHA)
Koha item type BOOK
Holdings
Withdrawn status Lost status Damaged status Not for loan Collection Home library Current library Date acquired Source of acquisition Cost, normal purchase price Inventory number Total Checkouts Full call number Barcode Date last seen Date last checked out Cost, replacement price Price effective from Koha item type
        CRC Fr. Agnel's C.Rodrigues College of Engineering AGNEL TECHNICAL COLLEGE LIBRARY 17/03/2023 Allied Publisher 180.00 1229 dt 22.12.2015 2 NAI 23965 31/01/2026 12/01/2026 250.00   BOOK